Trồng trọt; T2: Bảo vệ thực vật

Αποθηκεύτηκε σε:
Λεπτομέρειες βιβλιογραφικής εγγραφής
Κύριος συγγραφέας: Lê Lương Tề
Μορφή: Βιβλίο
Γλώσσα:Undetermined
Έκδοση: Hà Nội Giáo Dục 2000
Θέματα:
Ετικέτες: Προσθήκη ετικέτας
Δεν υπάρχουν, Καταχωρήστε ετικέτα πρώτοι!
Thư viện lưu trữ: Trung tâm Học liệu Trường Đại học Cần Thơ
LEADER 00523nam a2200169Ia 4500
001 CTU_43630
008 210402s9999 xx 000 0 und d
082 |a 632.9 
082 |b T250/T2 
100 |a Lê Lương Tề 
245 0 |a Trồng trọt; T2: Bảo vệ thực vật 
245 0 |c Lê Lương Tề, Hà Huy Niên 
260 |a Hà Nội 
260 |b Giáo Dục 
260 |c 2000 
650 |a Plant diseases,Plants, protection of 
980 |a Trung tâm Học liệu Trường Đại học Cần Thơ